| 000 | 00597nam a2200181 i 4500 | ||
|---|---|---|---|
| 001 | 40668 | ||
| 003 | ES-MaACL | ||
| 005 | 20231229063006.0 | ||
| 007 | t| | ||
| 008 | 030306s1952 sp ||||1| spa d | ||
| 100 | 1 |
_aCarrero Blanco, Luis, _d1904-1973 _935700 |
|
| 245 | 1 | 0 |
_aGibraltar _b: comentarios de un españo l(sexta serie) / _cpor Juan de la Cosa [seud.]. |
| 260 |
_aValencia : _b[s.n.], _c1952 ( _fSemana Gráfica) |
||
| 300 |
_a191 p. ; _c21 cm. |
||
| 651 |
_aEspaña- _xPolítica exterior- _y1939-1975. _98425 |
||
| 852 |
_aES-MaACL _jD-8218 _bR.32728 |
||
| 999 |
_c40668 _d40668 |
||